ბათუმის შოთა რუსთაველის სახელმწიფო უნივერსიტეტის ბიბლიოთეკა

Селекция древесных пород (ბიბ.ჩანაწერი № 45520)

000 -LEADER
fixed length control field 00553nam a2200205Ia 4500
001 - CONTROL NUMBER
control field 12345
003 - CONTROL NUMBER IDENTIFIER
control field GE_BSU
008 - FIXED-LENGTH DATA ELEMENTS--GENERAL INFORMATION
fixed length control field 181216s||||||||xx |||||||||||||| ||und||
040 ## - CATALOGING SOURCE
Transcribing agency GE_BSU
080 ## - UNIVERSAL DECIMAL CLASSIFICATION NUMBER
Universal Decimal Classification number 634.92
100 ## - MAIN ENTRY--PERSONAL NAME
Personal name Яблоков,А.С
245 ## - TITLE STATEMENT
Title Селекция древесных пород
245 ## - TITLE STATEMENT
Statement of responsibility, etc. Ред.Е.Д.Казакова
260 ## - PUBLICATION, DISTRIBUTION, ETC.
Place of publication, distribution, etc. Москва
260 ## - PUBLICATION, DISTRIBUTION, ETC.
Name of publisher, distributor, etc. Сельхозгиздат
260 ## - PUBLICATION, DISTRIBUTION, ETC.
Date of publication, distribution, etc. 1962
300 ## - PHYSICAL DESCRIPTION
Extent 487стр.илл.21см.
653 ## - INDEX TERM--UNCONTROLLED
Uncontrolled term Селекция древесных пород
942 ## - ADDED ENTRY ELEMENTS (KOHA)
Koha item type წიგნი
ეგზემპლარები
Withdrawn status Lost status Damaged status Not for loan Date acquired Barcode Date last seen Price effective from Koha item type
        2018-12-17 20478 2018-12-17 2018-12-17 წიგნი